• 首页
  • 本馆介绍
  • 公告通知
  • 最新文献
  • 馆藏检索
  • 电子资源
  • 读者导购
  • 参考咨询
  • 我的图书馆
  • 登录
  • 详细信息显示
  • 放入我的书架
  • 预约/预借图书
  • 作者相关作品
  • 分类相关作品
  • 丛书相关作品
  • 出版社相关作品

书目信息

  • 表格格式
  • 工作单格式
  • 卡片格式
题名:
慕尼黑
    
 
作者: 特尔福特.泰勒 著 ;石益仁 译
分册: 上  
出版信息: 北京   新华出版社  1984.4
页数: 620页
开本: 20cm
丛书名:
单 册:
中图分类: K105
科图分类:
主题词: 世界史:通史
电子资源:
ISBN:
000 00637nam0 2200217 45
001 0312221749
005 20040507110854.1
010    @dCNY6.502
100    @a20031222d1984 km y0chiy0120 ea
101    @achi
105    @a z 000yy
200 1  @a慕尼黑@e和平的代价@h上@EHe Ping De Dai Jia@AMu Ni Hei@f(美)特尔福特.泰勒著@F(Mei)Te Er Fu Te.Tai Le Zhu@g石益仁译
210    @a北京@c新华出版社@d1984.4
215    @a620页@d20cm
517    @a和平的代价@AHe Ping De Dai Jia
606 0  @a世界史:通史
690    @aK105
701 0  @a特尔福特.泰勒@4著
702 0  @a石益仁@4译
801    @aCN@bTSTCL@c20031222
905    @dK105@f1@b130497@e26:1
    
    慕尼黑:和平的代价.上/(美)特尔福特.泰勒著/石益仁译.-北京:新华出版社,1984.4
    620页;20cm
    
    
    ISBN :CNY6.502
    
●
相关链接 在E读中查询图书 在五车中查询图书 在当当中查询图书 在豆瓣中查询图书


正题名:慕尼黑     索取号:K105/26:1         预约/预借

序号 登录号 条形码 馆藏地/架位号 状态 备注
1 0130497   001416792   密集书库/ [索取号:K105/26:1] 在馆    
2 0130498   001416783   第二样本阅览室/ [索取号:K105/26:1] 在馆    
唐山师范学院图书馆 欢迎您!
大连网信软件有限公司© 版权所有